Crown budding: Prospects and early results in Vietnam (Record no. 56577)

MARC details
000 -LEADER
fixed length control field 00862nam a2200169Ia 4500
100 ## - MAIN ENTRY--AUTHOR NAME
Personal name Lai Van Lam
245 #0 - TITLE STATEMENT
Title Crown budding: Prospects and early results in Vietnam
260 ## - PUBLICATION, DISTRIBUTION, ETC. (IMPRINT)
Name of publisher Indian Journal of Natural Rubber Research
Year of publication 1993
300 ## - PHYSICAL DESCRIPTION
Number of Pages 92-96
520 ## - SUMMARY, ETC.
Summary, etc Seven crown budding trials conducted at Rubber Research Institute of Vietnam have shown that crown could exert influence on the trunk clone: both positive and negative. Important trunk characters modified by crown clones are vigour, yield, diseases and latex characteristics. A proposal is made to adopt corwn diversified three-part-plants for commercial planting so as to make use of the beneficial effects of crown on trunk.
650 ## - SUBJECT ADDED ENTRY--TOPICAL TERM
Topical Term Crown budding
650 ## - SUBJECT ADDED ENTRY--TOPICAL TERM
Topical Term Hevea
650 ## - SUBJECT ADDED ENTRY--TOPICAL TERM
Topical Term Vietnam
700 ## - ADDED ENTRY--PERSONAL NAME
Personal name Tran Trung Hai
942 ## - ADDED ENTRY ELEMENTS (KOHA)
Koha item type Journals
Holdings
Withdrawn status Lost status Damaged status Not for loan Home library Current library Date acquired Serial Enumeration / chronology Koha item type
      Journals RRII Library RRII Library 17/12/2021 Volume 6, Issue 1&2 Journals